000 00712cam a2200229 a 4500
001 000019401
005 20200929170016.0
008 100628s1976 mx a 000 0 spa d
020 _a9682502675
040 _aDO-SdBNP
_bspa
_cBNPHU
082 _a641.5622
_bF672n, 1976
100 1 _aFomon, Samuel J.
_941656
245 1 0 _aNutrición Infantil /
_cSamuel J. Fomon; traducción Vicente Agut Armer.
246 0 _aInfant nutrition
260 _aMéxico :
_bInteramericana ;,
_c1976.
300 _a537 p. :
_bil. ;
_c24 cm.
650 4 _aNutrición infantil
_937474
650 4 _aLactancia materna
_926710
650 4 _aHábitos alimenticios
_920094
700 1 _aAgut Armer, Vicente
_etr.
_941657
049 _aBNGR
999 _c18917
_d18917